LEADER 00917nam0 2200301 4500 001 9910159959003321 005 20170202122254.0 010 $a978-88-917-4169-1 100 $a20170202d2016----u y0engy50 ba 101 0 $aita 102 $aIT 105 0 $a 00 200 1 $aTrasformazioni del lavoro e percorsi di mobilitą$edal successo inatteso al successo difficile$fAndrea Valzania 210 $aMilano$cFrancoAngeli$d2016 215 $a125 p.$d18 cm 225 $aSociologia del lavoro$v126 610 0 $aRapporti di lavoro$aFlessibilitą 610 0 $aMobilitą sociale 610 0 $aLavoratori stranieri 676 $a306.36$v22$zita 676 $a305.5$v22$zita 700 1$aValzania,$bAndrea$0741211 901 $aBK 912 $a9910159959003321 952 $a306.36 VAL 1$b4062$fBFS 959 $aBFS 996 $aTrasformazioni del lavoro e percorsi di mobilitą$91470872 997 $aUNINA LEADER 01202nam a2200313 i 4500 001 991003682269707536 005 20020509130323.0 008 931206s1993 uk ||| | eng 020 $a0521341620 035 $ab11198321-39ule_inst 035 $aPARLA186536$9ExL 040 $aDip.to Filol. Class. e Med.$bita 082 0 $a872.01 100 1 $aPlautus, Titus Maccius$0166580 245 10$aMenaechmi /$cPlauto ; edited by A. S. Gratwick 260 $aCambridge :$bUniversity Press,$c1993 300 $aX, 276 p. ;$c20 cm. 490 0 $aCambridge greek and latin classics 500 $aIncludes bibliographical references and index. 500 $aTesto latino. 650 4$aPlauto, Tito Maccio - Menaechmi$xCommento 700 1 $aGratwick, A.S. 907 $a.b11198321$b23-02-17$c01-07-02 912 $a991003682269707536 945 $aLE007 870.1 Plautus GRA 01.501$g1$i2007000026762$lle007$o-$pE0.00$q-$rl$s- $t0$u0$v0$w0$x0$y.i11348707$z01-07-02 945 $aLE007 870.1 Plautus GRA 01.501 $g2$i2015000103857$lle007$o-$pE0.00$q-$rl$s- $t0$u0$v0$w0$x0$y.i11348719$z01-07-02 996 $aMenaechmi$919633 997 $aUNISALENTO 998 $ale007$b01-01-93$cm$da $e-$feng$guk $h0$i2